La sociología como crítica social /

Shranjeno v:
Bibliografske podrobnosti
Glavni avtor: Bottomore, Thomas B. (autor)
Format: Knjiga
Jezik:španščina
Izdano: Barcelona, España : Península, 1976, c1975
Serija:(Homo Sociologicus ; 10)
Teme:
Oznake: Označite
Brez oznak, prvi označite!

MARC

LEADER 00000nam^a2200000^a^4500
001 000000802
005 20250521000000.0
009 20260310083040.616
020 |a 84-297-1178-3 
037 |a Acervo ITESO - Biblioteca 
041 |a ESP 
082 |a 300. 1  |b BOT 
100 |a Bottomore, Thomas B.  |e (autor) 
245 1 3 |a La sociología como crítica social /  |c T.B. Bottomore ; tr. por Amadeo Monrabà. 
264 4 |a Barcelona, España :  |b Península,  |c 1976, c1975 
300 |a 245 p. 
336 |a texto  |b txt  |2 rdacontenido 
337 |a sin mediación  |b n  |2 rdamedio 
338 |a volumen  |b nc  |2 rdasoporte 
440 1 |a (Homo Sociologicus ;  |v 10) 
500 |a Traducción de: Sociology as Social Criticism 
649 |a XX 
650 |a Políticos 
650 |a Clases Sociales -  |x Tema Principal 
650 |a Movimientos Políticos 
650 |a Movimientos Sociales -  |x Tema Principal 
650 |a Cambios Sociales y Culturales 
650 |a Sociología -  |x Teoría -  |x Tema Principal 
910 |a Fondo General 
920 |a Impresos - Libros 
930 |a Colección General 
905 |a 101 
901 |a 0008020100  |b IT1  |c ACC  |i 000802  |u 20250521 
902 |a https://opac.biblio.iteso.mx/vufind/Record/000000802